| 000 | 00405cam a2200157ua 4500 | ||
|---|---|---|---|
| 041 |
_aeng _h |
||
| 082 |
_a307.14 _bMAN/FR |
||
| 100 | _aManmohan, Choudhari . | ||
| 245 |
_aFreedom for the masses / _cManmohan Choudhari. _hTextual Documents |
||
| 250 |
_a1 / _b. |
||
| 260 |
_aNew Delhi : _bCentral Gandhi Smarak Nidhi , _c1966. |
||
| 300 | _a76 ; . | ||
| 504 | _a | ||
| 942 | _cBK | ||
| 999 |
_c1706 _d1706 |
||